[Event "Women's Baku Chess Olympiad"]
[Site "chess24.com"]
[Date "2016.09.02"]
[Round "1"]
[White "Milliet, Sophie"]
[Black "Mwango , Lorita"]
[Result "1-0"]
[Board "1"]
[WhiteID "623725"]
[WhiteElo "2362"]
[WhiteTitle "IM"]
[WhiteCountry "FRA"]
[WhiteFideId "623725"]
[WhiteEloChange "2"]
[BlackID "8700478"]
[BlackElo "1935"]
[BlackTitle "WFM"]
[BlackCountry "ZAM"]
[BlackFideId "8700478"]
[BlackEloChange "-2"]

1. e4 {[%clk 1:30:57]} c5 {[%clk 1:30:46]} 2. Nc3 {[%clk 1:31:15]} d6 {[%clk
1:30:32]} 3. f4 {[%clk 1:31:35]} Nc6 {[%clk 1:30:31]} 4. Nf3 {[%clk 1:31:57]} Nf6
{[%clk 1:28:48]} 5. Bb5 {[%clk 1:27:56]} a6 {[%clk 1:27:27]} 6. Bxc6+ {[%clk
1:28:17]} bxc6 {[%clk 1:27:44]} 7. d3 {[%clk 1:26:48]} d5 {[%clk 1:26:31]} 8. e5
{[%clk 1:18:21]} Ng4 {[%clk 1:23:40]} 9. h3 {[%clk 1:17:37]} Nh6 {[%clk 1:23:58]}
10. g4 {[%clk 1:16:47]} g6 {[%clk 1:23:14]} 11. Qe2 {[%clk 1:14:17]} e6 {[%clk
1:22:50]} 12. Bd2 {[%clk 1:09:16]} Rb8 {[%clk 1:22:32]} 13. b3 {[%clk 1:07:32]}
Ng8 {[%clk 1:21:23]} 14. Na4 {[%clk 1:07:18]} h5 {[%clk 1:19:59]} 15. O-O-O
{[%clk 1:06:49]} Qe7 {[%clk 1:14:59]} 16. Kb1 {[%clk 1:03:00]} Qb7 {[%clk
1:14:22]} 17. c4 {[%clk 0:59:23]} Bd7 {[%clk 1:13:37]} 18. Qf2 {[%clk 0:56:23]}
Qa7 {[%clk 1:09:41]} 19. Bc1 {[%clk 0:49:00]} Nh6 {[%clk 1:07:21]} 20. Rhg1
{[%clk 0:49:02]} a5 {[%clk 1:05:56]} 21. Ba3 {[%clk 0:48:08]} Be7 {[%clk
0:56:22]} 22. Bxc5 {[%clk 0:47:19]} Bxc5 {[%clk 0:56:11]} 23. Qxc5 {[%clk
0:47:46]} Qxc5 {[%clk 0:54:22]} 24. Nxc5 {[%clk 0:48:12]} hxg4 {[%clk 0:54:22]}
25. hxg4 {[%clk 0:48:39]} Ke7 {[%clk 0:54:40]} 26. Nd4 {[%clk 0:47:16]} Rhc8
{[%clk 0:51:20]} 27. Rg2 {[%clk 0:44:27]} a4 {[%clk 0:46:10]} 28. Rh1 {[%clk
0:44:25]} Ng8 {[%clk 0:46:18]} 29. Rh7 {[%clk 0:44:42]} axb3 {[%clk 0:45:02]} 30.
axb3 {[%clk 0:45:09]} Be8 {[%clk 0:43:40]} 31. f5 {[%clk 0:42:00]} exf5 {[%clk
0:36:53]} 32. gxf5 {[%clk 0:42:19]} Rc7 {[%clk 0:35:18]} 33. fxg6 {[%clk
0:39:46]} Ra8 {[%clk 0:28:07]} 34. gxf7 {[%clk 0:39:46]} Bxf7 {[%clk 0:28:32]}
35. e6 {[%clk 0:37:33]} Kd6 {[%clk 0:28:38]} 36. exf7 {[%clk 0:31:10]} Nf6 {[%clk
0:28:47]} 37. f8Q+ {[%clk 0:30:39]} Rxf8 {[%clk 0:27:13]} 38. Rxc7 {[%clk
0:31:05]} Rh8 {[%clk 0:25:30]} 39. Rxc6+ {[%clk 0:31:18]} Ke5 {[%clk 0:25:41]}
40. Nf3+ {[%clk 1:01:36]} 1-0

[Event "Women's Baku Chess Olympiad"]
[Site "chess24.com"]
[Date "2016.09.02"]
[Round "1"]
[White "Fernandez, Maria Florencia"]
[Black "Larrea, Daniela"]
[Result "1-0"]
[Board "2"]
[WhiteID "116459"]
[WhiteElo "2189"]
[WhiteTitle "WIM"]
[WhiteCountry "ARG"]
[WhiteFideId "116459"]
[WhiteEloChange "2"]
[BlackID "3003000"]
[BlackElo "1778"]
[BlackCountry "URU"]
[BlackFideId "3003000"]
[BlackEloChange "-2"]

1. d4 {[%clk 1:30:57]} Nf6 {[%clk 1:30:46]} 2. c4 {[%clk 1:31:21]} Nc6 {[%clk
1:31:07]} 3. Nc3 {[%clk 1:31:05]} e5 {[%clk 1:31:22]} 4. d5 {[%clk 1:30:55]} Ne7
{[%clk 1:31:36]} 5. e4 {[%clk 1:29:19]} Ng6 {[%clk 1:31:40]} 6. Be3 {[%clk
1:27:34]} Bb4 {[%clk 1:29:55]} 7. f3 {[%clk 1:24:29]} O-O {[%clk 1:27:55]} 8. Qc2
{[%clk 1:18:05]} d6 {[%clk 1:25:01]} 9. Ne2 {[%clk 1:11:43]} Nh5 {[%clk 1:19:20]}
10. a3 {[%clk 1:07:20]} Bxc3+ {[%clk 1:19:21]} 11. Nxc3 {[%clk 1:07:29]} f5
{[%clk 1:16:23]} 12. O-O-O {[%clk 1:00:12]} f4 {[%clk 1:10:33]} 13. Bf2 {[%clk
0:59:08]} b6 {[%clk 1:06:33]} 14. Be2 {[%clk 0:59:10]} a5 {[%clk 1:06:08]} 15. g4
{[%clk 0:58:11]} Nf6 {[%clk 1:06:03]} 16. h4 {[%clk 0:58:23]} Nd7 {[%clk
0:54:18]} 17. h5 {[%clk 0:57:54]} Ne7 {[%clk 0:54:14]} 18. Bh4 {[%clk 0:54:42]}
Nc5 {[%clk 0:49:54]} 19. b4 {[%clk 0:48:54]} Nb7 {[%clk 0:45:07]} 20. Nb5 {[%clk
0:44:36]} Bd7 {[%clk 0:40:52]} 21. Kb2 {[%clk 0:33:21]} Be8 {[%clk 0:35:34]} 22.
Bf1 {[%clk 0:32:15]} Kh8 {[%clk 0:31:24]} 23. Bh3 {[%clk 0:32:21]} Kg8 {[%clk
0:27:42]} 24. h6 {[%clk 0:29:29]} g6 {[%clk 0:26:47]} 25. Qf2 {[%clk 0:28:19]}
Rf7 {[%clk 0:18:26]} 26. Bg5 {[%clk 0:27:17]} Bd7 {[%clk 0:11:15]} 27. Qh4 {[%clk
0:26:57]} Bc8 {[%clk 0:05:22]} 28. Bf6 {[%clk 0:26:10]} Kf8 {[%clk 0:05:06]} 29.
g5 {[%clk 0:25:43]} Bxh3 {[%clk 0:05:02]} 30. Qxh3 {[%clk 0:26:09]} Qc8 {[%clk
0:04:10]} 31. Qe6 {[%clk 0:18:54]} Nd8 {[%clk 0:02:51]} 32. Qxc8 {[%clk 0:19:02]}
Rxc8 {[%clk 0:03:16]} 33. c5 {[%clk 0:18:32]} Nb7 {[%clk 0:02:30]} 34. cxb6
{[%clk 0:17:32]} cxb6 {[%clk 0:02:48]} 35. Rc1 {[%clk 0:17:58]} Ke8 {[%clk
0:02:05]} 36. Bxe7 {[%clk 0:17:09]} Rxc1 {[%clk 0:02:30]} 37. Rxc1 {[%clk
0:17:34]} Rxe7 {[%clk 0:02:21]} 38. Rc6 {[%clk 0:17:19]} axb4 {[%clk 0:02:03]}
39. axb4 {[%clk 0:17:44]} Rd7 {[%clk 0:01:14]} 40. Rxb6 {[%clk 0:48:09]} Ke7
{[%clk 0:31:08]} 41. Kb3 {[%clk 0:44:27]} Nd8 {[%clk 0:28:18]} 42. Ra6 {[%clk
0:40:21]} Nf7 {[%clk 0:26:05]} 43. Na7 {[%clk 0:38:41]} Nxg5 {[%clk 0:25:05]} 44.
b5 {[%clk 0:34:09]} Nxf3 {[%clk 0:24:50]} 45. Nc8+ {[%clk 0:26:24]} Kd8 {[%clk
0:18:58]} 46. Nxd6 {[%clk 0:26:46]} Nd2+ {[%clk 0:16:39]} 47. Kc2 {[%clk
0:25:13]} Nxe4 {[%clk 0:15:32]} 48. Nxe4 {[%clk 0:25:28]} Rxd5 {[%clk 0:15:59]}
49. Rd6+ {[%clk 0:23:15]} Rxd6 {[%clk 0:16:23]} 50. Nxd6 {[%clk 0:23:44]} 1-0

[Event "Women's Baku Chess Olympiad"]
[Site "chess24.com"]
[Date "2016.09.02"]
[Round "1"]
[White "Abdulla, Khayala"]
[Black "Hoshino, Karen"]
[Result "1-0"]
[Board "2"]
[WhiteID "13401807"]
[WhiteElo "2214"]
[WhiteTitle "WGM"]
[WhiteCountry "AZE"]
[WhiteFideId "13401807"]
[WhiteEloChange "2"]
[BlackID "2137984"]
[BlackElo "1802"]
[BlackTitle "WCM"]
[BlackCountry "JPN"]
[BlackFideId "2137984"]
[BlackEloChange "-2"]

1. e4 {[%clk 1:30:57]} c5 {[%clk 1:30:51]} 2. Nf3 {[%clk 1:31:19]} d6 {[%clk
1:31:11]} 3. d4 {[%clk 1:31:44]} cxd4 {[%clk 1:31:32]} 4. Nxd4 {[%clk 1:32:03]}
Nf6 {[%clk 1:31:52]} 5. Nc3 {[%clk 1:32:26]} a6 {[%clk 1:32:10]} 6. Be2 {[%clk
1:30:18]} e5 {[%clk 1:32:29]} 7. Nb3 {[%clk 1:30:15]} Be7 {[%clk 1:32:45]} 8. Be3
{[%clk 1:30:26]} Be6 {[%clk 1:32:59]} 9. Nd5 {[%clk 1:30:43]} Nxd5 {[%clk
1:28:04]} 10. exd5 {[%clk 1:31:08]} Bf5 {[%clk 1:27:57]} 11. Qd2 {[%clk 1:31:08]}
Nd7 {[%clk 1:25:32]} 12. O-O {[%clk 1:27:23]} Rc8 {[%clk 1:20:59]} 13. c4 {[%clk
1:27:00]} O-O {[%clk 1:20:37]} 14. Na5 {[%clk 1:25:19]} Rc7 {[%clk 1:14:15]} 15.
b4 {[%clk 1:23:24]} Qc8 {[%clk 1:09:51]} 16. c5 {[%clk 1:21:33]} Nf6 {[%clk
0:53:03]} 17. c6 {[%clk 1:12:30]} bxc6 {[%clk 0:49:08]} 18. Bb6 {[%clk 1:02:53]}
Ne4 {[%clk 0:36:24]} 19. Qb2 {[%clk 0:58:44]} cxd5 {[%clk 0:35:22]} 20. Bxc7
{[%clk 0:58:19]} Qxc7 {[%clk 0:35:43]} 21. Rac1 {[%clk 0:56:23]} Qd7 {[%clk
0:32:51]} 22. Bxa6 {[%clk 0:53:11]} Bg5 {[%clk 0:30:08]} 23. Rc6 {[%clk 0:47:25]}
d4 {[%clk 0:27:38]} 24. Bd3 {[%clk 0:41:08]} Nd2 {[%clk 0:22:06]} 25. Bxf5 {[%clk
0:35:48]} Qxf5 {[%clk 0:22:27]} 26. Rd1 {[%clk 0:32:10]} Qd3 {[%clk 0:17:00]} 27.
Re1 {[%clk 0:25:38]} Bf4 {[%clk 0:11:02]} 28. Qc2 {[%clk 0:21:48]} Qxc2 {[%clk
0:09:16]} 29. Rxc2 {[%clk 0:22:14]} g6 {[%clk 0:07:41]} 30. Nc6 {[%clk 0:15:51]}
f5 {[%clk 0:03:48]} 31. b5 {[%clk 0:14:48]} Ne4 {[%clk 0:02:53]} 32. b6 {[%clk
0:10:56]} Nc5 {[%clk 0:01:35]} 33. g3 {[%clk 0:09:12]} Bh6 {[%clk 0:01:23]} 34.
Rxc5 {[%clk 0:08:22]} dxc5 {[%clk 0:01:46]} 35. b7 {[%clk 0:08:48]} d3 {[%clk
0:00:53]} 36. Ne7+ {[%clk 0:08:31]} Kf7 {[%clk 0:00:41]} 37. Nc8 {[%clk 0:08:51]}
d2 {[%clk 0:00:34]} 38. Rd1 {[%clk 0:09:03]} c4 {[%clk 0:00:35]} 39. b8Q {[%clk
0:09:04]} 1-0

[Event "Women's Baku Chess Olympiad"]
[Site "chess24.com"]
[Date "2016.09.02"]
[Round "1"]
[White "Sakai, Azumi"]
[Black "Fataliyeva, Ulviyya"]
[Result "0-1"]
[Board "3"]
[WhiteID "7001800"]
[WhiteElo "1703"]
[WhiteCountry "JPN"]
[WhiteFideId "7001800"]
[WhiteEloChange "-2"]
[BlackID "13403052"]
[BlackElo "2234"]
[BlackTitle "WIM"]
[BlackCountry "AZE"]
[BlackFideId "13403052"]
[BlackEloChange "2"]

1. d4 {[%clk 1:30:56]} e6 {[%clk 1:30:58]} 2. c4 {[%clk 1:31:06]} Nf6 {[%clk
1:31:20]} 3. Nf3 {[%clk 1:31:20]} d5 {[%clk 1:31:31]} 4. e3 {[%clk 1:31:14]} c5
{[%clk 1:30:47]} 5. dxc5 {[%clk 1:31:28]} Bxc5 {[%clk 1:30:21]} 6. a3 {[%clk
1:31:45]} O-O {[%clk 1:29:10]} 7. b4 {[%clk 1:31:08]} Be7 {[%clk 1:29:18]} 8. Bb2
{[%clk 1:29:52]} a5 {[%clk 1:17:50]} 9. b5 {[%clk 1:24:33]} Nbd7 {[%clk 1:16:44]}
10. Be2 {[%clk 1:23:11]} Nb6 {[%clk 1:14:47]} 11. Nbd2 {[%clk 1:19:50]} Bd7
{[%clk 1:11:44]} 12. cxd5 {[%clk 1:11:58]} exd5 {[%clk 1:11:56]} 13. O-O {[%clk
1:11:45]} a4 {[%clk 1:09:20]} 14. Nd4 {[%clk 1:06:59]} Rc8 {[%clk 0:49:21]} 15.
Rc1 {[%clk 0:59:41]} Bc5 {[%clk 0:47:28]} 16. N2f3 {[%clk 0:50:10]} Qe7 {[%clk
0:45:52]} 17. Ra1 {[%clk 0:41:53]} Ne4 {[%clk 0:42:12]} 18. Nd2 {[%clk 0:35:48]}
f5 {[%clk 0:37:33]} 19. g3 {[%clk 0:30:31]} Rf6 {[%clk 0:28:00]} 20. N4f3 {[%clk
0:29:27]} Re6 {[%clk 0:25:51]} 21. Bd4 {[%clk 0:28:34]} Bxa3 {[%clk 0:11:37]} 22.
Bxb6 {[%clk 0:27:04]} Nc3 {[%clk 0:11:26]} 23. Qe1 {[%clk 0:25:09]} Rxb6 {[%clk
0:11:10]} 24. Nd4 {[%clk 0:21:58]} Bb2 {[%clk 0:11:05]} 25. Bd3 {[%clk 0:20:34]}
Bxa1 {[%clk 0:06:05]} 26. Qxa1 {[%clk 0:20:40]} Ne4 {[%clk 0:06:11]} 27. N2f3
{[%clk 0:17:35]} a3 {[%clk 0:05:34]} 28. Nh4 {[%clk 0:17:40]} Rf6 {[%clk
0:05:02]} 29. Bb1 {[%clk 0:16:08]} Qb4 {[%clk 0:03:26]} 30. Ba2 {[%clk 0:16:01]}
Nc3 {[%clk 0:03:13]} 31. Ng2 {[%clk 0:13:20]} Qb2 {[%clk 0:03:06]} 32. Bb3 {[%clk
0:12:16]} Bxb5 {[%clk 0:01:08]} 33. Nxb5 {[%clk 0:11:22]} Qxb3 {[%clk 0:01:25]}
34. Nxc3 {[%clk 0:09:57]} Rxc3 {[%clk 0:01:28]} 35. Rb1 {[%clk 0:10:00]} Qc4
{[%clk 0:01:14]} 36. Nf4 {[%clk 0:10:02]} a2 {[%clk 0:00:57]} 37. Rd1 {[%clk
0:09:54]} Rc6 {[%clk 0:00:50]} 38. Nxd5 {[%clk 0:09:19]} Qxd5 {[%clk 0:01:00]}
39. Rxd5 {[%clk 0:08:26]} Rc1+ {[%clk 0:01:26]} 40. Rd1 {[%clk 0:38:42]} Rxa1
{[%clk 0:31:53]} 41. Rxa1 {[%clk 0:38:34]} Rc2 {[%clk 0:32:22]} 42. Kg2 {[%clk
0:37:27]} b5 {[%clk 0:32:40]} 43. Rd1 {[%clk 0:25:46]} b4 {[%clk 0:32:35]} 44.
Rd8+ {[%clk 0:24:28]} Kf7 {[%clk 0:33:00]} 45. Ra8 {[%clk 0:24:38]} b3 {[%clk
0:33:05]} 46. Ra7+ {[%clk 0:21:22]} Ke6 {[%clk 0:33:22]} 47. Ra6+ {[%clk
0:15:42]} Kd7 {[%clk 0:33:37]} 48. Kf3 {[%clk 0:14:45]} b2 {[%clk 0:33:52]} 49.
Rxa2 {[%clk 0:14:19]} b1Q {[%clk 0:34:15]} 0-1

[Event "Women's Baku Chess Olympiad"]
[Site "chess24.com"]
[Date "2016.09.02"]
[Round "1"]
[White "Rodriguez Rueda, Paula Andrea"]
[Black "Milligan, Helen"]
[Result "1-0"]
[Board "1"]
[WhiteID "4404564"]
[WhiteElo "2326"]
[WhiteTitle "IM"]
[WhiteCountry "COL"]
[WhiteFideId "4404564"]
[WhiteEloChange "3"]
[BlackID "2401312"]
[BlackElo "2040"]
[BlackTitle "CM"]
[BlackCountry "NZL"]
[BlackFideId "2401312"]
[BlackEloChange "-3"]

1. d4 {[%clk 1:30:58]} Nf6 {[%clk 1:30:53]} 2. c4 {[%clk 1:31:21]} g6 {[%clk
1:31:18]} 3. Nc3 {[%clk 1:31:42]} Bg7 {[%clk 1:31:39]} 4. e4 {[%clk 1:32:08]} d6
{[%clk 1:32:02]} 5. f3 {[%clk 1:32:29]} O-O {[%clk 1:32:11]} 6. Be3 {[%clk
1:32:56]} e5 {[%clk 1:31:50]} 7. d5 {[%clk 1:33:17]} Nh5 {[%clk 1:29:55]} 8. Qd2
{[%clk 1:33:19]} f5 {[%clk 1:29:20]} 9. O-O-O {[%clk 1:33:24]} Nd7 {[%clk
1:28:07]} 10. Bd3 {[%clk 1:29:18]} Nc5 {[%clk 1:26:25]} 11. Bc2 {[%clk 1:29:35]}
a5 {[%clk 1:24:46]} 12. Nge2 {[%clk 1:29:31]} Bd7 {[%clk 1:19:30]} 13. Rhg1
{[%clk 1:26:42]} f4 {[%clk 1:14:34]} 14. Bf2 {[%clk 1:26:04]} Rf7 {[%clk
1:11:25]} 15. Kb1 {[%clk 1:25:57]} Qf8 {[%clk 1:09:29]} 16. Nc1 {[%clk 1:25:29]}
Kh8 {[%clk 1:02:21]} 17. Rdf1 {[%clk 1:17:44]} a4 {[%clk 0:58:26]} 18. Qd1 {[%clk
1:16:11]} Qe8 {[%clk 0:57:47]} 19. g4 {[%clk 1:08:39]} fxg3 {[%clk 0:56:20]} 20.
hxg3 {[%clk 1:08:59]} b5 {[%clk 0:52:12]} 21. Bxc5 {[%clk 1:03:33]} dxc5 {[%clk
0:52:27]} 22. cxb5 {[%clk 0:59:57]} Bxb5 {[%clk 0:52:23]} 23. Bd3 {[%clk
0:59:49]} c4 {[%clk 0:47:17]} 24. Be2 {[%clk 0:59:51]} Rb8 {[%clk 0:46:09]} 25.
a3 {[%clk 0:57:45]} Bf8 {[%clk 0:41:06]} 26. f4 {[%clk 0:56:54]} Bc5 {[%clk
0:41:00]} 27. Rg2 {[%clk 0:51:30]} Bd7 {[%clk 0:37:36]} 28. f5 {[%clk 0:45:31]}
Bd4 {[%clk 0:30:00]} 29. N1a2 {[%clk 0:45:07]} Qe7 {[%clk 0:19:48]} 30. Ka1
{[%clk 0:39:58]} Ng7 {[%clk 0:16:02]} 31. fxg6 {[%clk 0:37:47]} Rxf1 {[%clk
0:15:41]} 32. Qxf1 {[%clk 0:36:20]} hxg6 {[%clk 0:15:48]} 33. Rh2+ {[%clk
0:30:50]} Kg8 {[%clk 0:16:12]} 34. Bxc4 {[%clk 0:28:35]} Qd6 {[%clk 0:16:23]} 35.
Nb4 {[%clk 0:27:02]} Nh5 {[%clk 0:12:47]} 36. Qc1 {[%clk 0:22:44]} Qc5 {[%clk
0:09:04]} 37. Ne2 {[%clk 0:16:23]} Rf8 {[%clk 0:06:04]} 38. Nxd4 {[%clk 0:14:12]}
Qxd4 {[%clk 0:06:26]} 39. Rd2 {[%clk 0:10:46]} Qxe4 {[%clk 0:04:55]} 40. d6+
{[%clk 0:40:45]} Kg7 {[%clk 0:34:50]} 41. dxc7 {[%clk 0:40:26]} Qg4 {[%clk
0:28:36]} 42. Qc3 {[%clk 0:38:20]} Re8 {[%clk 0:26:50]} 43. Be2 {[%clk 0:32:15]}
Qe6 {[%clk 0:26:11]} 44. Bxh5 {[%clk 0:32:40]} gxh5 {[%clk 0:26:34]} 45. Qe3
{[%clk 0:32:51]} Qf5 {[%clk 0:23:08]} 46. Rf2 {[%clk 0:29:49]} Qg4 {[%clk
0:22:56]} 47. Rf1 {[%clk 0:29:19]} Kg6 {[%clk 0:21:00]} 48. Nd5 {[%clk 0:28:49]}
Bf5 {[%clk 0:18:21]} 49. Qb6+ {[%clk 0:28:52]} Re6 {[%clk 0:17:39]} 50. c8Q
{[%clk 0:28:42]} 1-0

[Event "Women's Baku Chess Olympiad"]
[Site "chess24.com"]
[Date "2016.09.02"]
[Round "1"]
[White "Newrkla, Katharina"]
[Black "Francis, Onkemetse"]
[Result "1/2-1/2"]
[Board "1"]
[WhiteID "1621629"]
[WhiteElo "2214"]
[WhiteTitle "WIM"]
[WhiteCountry "AUT"]
[WhiteFideId "1621629"]
[WhiteEloChange "-8"]
[BlackID "11301287"]
[BlackElo "1777"]
[BlackTitle "WIM"]
[BlackCountry "BOT"]
[BlackFideId "11301287"]
[BlackEloChange "8"]

1. e4 {[%clk 1:30:57]} d5 {[%clk 1:30:49]} 2. exd5 {[%clk 1:31:16]} Qxd5 {[%clk
1:31:04]} 3. Nc3 {[%clk 1:31:39]} Qa5 {[%clk 1:31:26]} 4. d4 {[%clk 1:32:03]} Nf6
{[%clk 1:31:49]} 5. Bc4 {[%clk 1:32:27]} Bg4 {[%clk 1:32:01]} 6. Ne2 {[%clk
1:32:00]} e6 {[%clk 1:27:44]} 7. f3 {[%clk 1:29:43]} Bf5 {[%clk 1:27:36]} 8. O-O
{[%clk 1:27:47]} Be7 {[%clk 1:25:37]} 9. Be3 {[%clk 1:16:56]} O-O {[%clk
1:23:00]} 10. Ng3 {[%clk 1:09:56]} Bg6 {[%clk 1:23:15]} 11. Qe2 {[%clk 1:10:11]}
c6 {[%clk 1:23:16]} 12. Rad1 {[%clk 1:08:41]} Nd5 {[%clk 1:17:48]} 13. Nxd5
{[%clk 1:01:18]} cxd5 {[%clk 1:15:39]} 14. Bb3 {[%clk 1:01:22]} Nc6 {[%clk
1:13:57]} 15. f4 {[%clk 0:56:56]} Bf6 {[%clk 0:57:57]} 16. c3 {[%clk 0:49:44]}
Rfe8 {[%clk 0:54:34]} 17. Qd2 {[%clk 0:48:03]} Ne7 {[%clk 0:53:12]} 18. a3 {[%clk
0:42:22]} Nf5 {[%clk 0:49:00]} 19. Nxf5 {[%clk 0:37:00]} Bxf5 {[%clk 0:48:56]}
20. Rde1 {[%clk 0:34:00]} Qc7 {[%clk 0:36:21]} 21. Ba4 {[%clk 0:28:27]} Red8
{[%clk 0:36:13]} 22. Bd1 {[%clk 0:26:52]} a6 {[%clk 0:35:45]} 23. Bf3 {[%clk
0:25:51]} h6 {[%clk 0:22:21]} 24. g4 {[%clk 0:25:19]} Bh7 {[%clk 0:22:38]} 25. g5
{[%clk 0:24:49]} hxg5 {[%clk 0:22:54]} 26. fxg5 {[%clk 0:25:10]} Be7 {[%clk
0:23:19]} 27. Bh5 {[%clk 0:22:52]} Rf8 {[%clk 0:15:12]} 28. Bf4 {[%clk 0:21:52]}
Bd6 {[%clk 0:14:05]} 29. Bxd6 {[%clk 0:19:21]} Qxd6 {[%clk 0:14:28]} 30. Qf4
{[%clk 0:19:34]} Qxf4 {[%clk 0:14:05]} 31. Rxf4 {[%clk 0:19:58]} Bf5 {[%clk
0:13:27]} 32. Bg4 {[%clk 0:04:17]} Bxg4 {[%clk 0:11:34]} 33. Rxg4 {[%clk
0:04:39]} g6 {[%clk 0:11:39]} 34. Rf4 {[%clk 0:04:23]} Rac8 {[%clk 0:11:46]} 35.
Re2 {[%clk 0:04:17]} Kg7 {[%clk 0:11:09]} 36. Ref2 {[%clk 0:04:28]} b5 {[%clk
0:09:25]} 37. Kf1 {[%clk 0:01:40]} Rc7 {[%clk 0:08:40]} 38. Ke2 {[%clk 0:01:37]}
a5 {[%clk 0:07:55]} 39. Kd3 {[%clk 0:01:59]} Rfc8 {[%clk 0:07:33]} 40. Rf1 {[%clk
0:31:39]} Rb8 {[%clk 0:37:16]} 41. R1f3 {[%clk 0:13:00]} 1/2-1/2

[Event "Women's Baku Chess Olympiad"]
[Site "chess24.com"]
[Date "2016.09.02"]
[Round "1"]
[White "Yuan, Yuanling"]
[Black "Adhikari, Ashmita"]
[Result "1-0"]
[Board "2"]
[WhiteID "8604541"]
[WhiteElo "2205"]
[WhiteTitle "WIM"]
[WhiteCountry "CAN"]
[WhiteFideId "8604541"]
[WhiteEloChange "2"]
[BlackID "12301329"]
[BlackElo "1632"]
[BlackCountry "NEP"]
[BlackFideId "12301329"]
[BlackEloChange "-2"]

1. e4 {[%clk 1:30:52]} e5 {[%clk 1:30:52]} 2. Nf3 {[%clk 1:31:15]} Nc6 {[%clk
1:31:04]} 3. Bb5 {[%clk 1:31:39]} Nf6 {[%clk 1:31:05]} 4. O-O {[%clk 1:31:33]}
Be7 {[%clk 1:30:06]} 5. Re1 {[%clk 1:31:24]} d6 {[%clk 1:28:07]} 6. c3 {[%clk
1:27:38]} a6 {[%clk 1:27:01]} 7. Ba4 {[%clk 1:27:53]} b5 {[%clk 1:25:47]} 8. Bc2
{[%clk 1:26:06]} Bg4 {[%clk 1:24:19]} 9. h3 {[%clk 1:21:59]} Bh5 {[%clk 1:22:40]}
10. d3 {[%clk 1:21:33]} O-O {[%clk 1:21:30]} 11. Nbd2 {[%clk 1:17:54]} Qd7 {[%clk
1:19:21]} 12. Nf1 {[%clk 1:17:42]} h6 {[%clk 1:16:48]} 13. Ng3 {[%clk 1:17:45]}
Bg6 {[%clk 1:16:25]} 14. d4 {[%clk 1:11:49]} exd4 {[%clk 1:15:10]} 15. cxd4
{[%clk 1:04:13]} Rad8 {[%clk 1:14:27]} 16. Nh4 {[%clk 0:50:27]} Bh7 {[%clk
1:10:17]} 17. Nhf5 {[%clk 0:50:39]} Kh8 {[%clk 0:54:36]} 18. Be3 {[%clk 0:44:48]}
Ng8 {[%clk 0:46:16]} 19. Qg4 {[%clk 0:34:41]} g5 {[%clk 0:39:04]} 20. f4 {[%clk
0:32:17]} Bxf5 {[%clk 0:30:42]} 21. Nxf5 {[%clk 0:32:21]} f6 {[%clk 0:26:56]} 22.
h4 {[%clk 0:30:57]} Rf7 {[%clk 0:21:51]} 23. hxg5 {[%clk 0:28:09]} fxg5 {[%clk
0:21:42]} 24. d5 {[%clk 0:24:04]} Nb8 {[%clk 0:15:27]} 25. fxg5 {[%clk 0:23:28]}
Bxg5 {[%clk 0:12:01]} 26. Bxg5 {[%clk 0:22:59]} hxg5 {[%clk 0:10:38]} 27. Re3
{[%clk 0:21:02]} Nf6 {[%clk 0:09:06]} 28. Qxg5 {[%clk 0:20:37]} Nh7 {[%clk
0:09:15]} 29. Qh4 {[%clk 0:20:19]} Qe8 {[%clk 0:08:01]} 30. Rg3 {[%clk 0:15:23]}
Nd7 {[%clk 0:06:17]} 31. e5 {[%clk 0:09:56]} dxe5 {[%clk 0:04:37]} 32. Ng7 {[%clk
0:08:22]} Rxg7 {[%clk 0:02:49]} 33. Rxg7 {[%clk 0:08:46]} Nf6 {[%clk 0:01:58]}
34. Rxh7+ {[%clk 0:09:04]} Kg8 {[%clk 0:02:12]} 35. Qxf6 {[%clk 0:09:20]} 1-0

[Event "Women's Baku Chess Olympiad"]
[Site "chess24.com"]
[Date "2016.09.02"]
[Round "1"]
[White "Cori T., Deysi"]
[Black "Wakuruwarewa, Colletta"]
[Result "1-0"]
[Board "1"]
[WhiteID "3801934"]
[WhiteElo "2402"]
[WhiteTitle "WGM"]
[WhiteCountry "PER"]
[WhiteFideId "3801934"]
[WhiteEloChange "1"]
[BlackID "11001305"]
[BlackElo "1716"]
[BlackCountry "ZIM"]
[BlackFideId "11001305"]
[BlackEloChange "-2"]

1. d4 {[%clk 1:30:56]} Nf6 {[%clk 1:30:10]} 2. c4 {[%clk 1:30:51]} e6 {[%clk
1:29:20]} 3. Nf3 {[%clk 1:31:15]} b6 {[%clk 1:29:15]} 4. e3 {[%clk 1:31:26]} Bb7
{[%clk 1:29:37]} 5. Bd3 {[%clk 1:31:49]} Be7 {[%clk 1:28:54]} 6. Nc3 {[%clk
1:31:58]} c5 {[%clk 1:26:53]} 7. O-O {[%clk 1:32:15]} O-O {[%clk 1:20:43]} 8. d5
{[%clk 1:30:05]} d6 {[%clk 1:19:27]} 9. h3 {[%clk 1:25:49]} Nbd7 {[%clk 1:13:39]}
10. dxe6 {[%clk 1:22:48]} fxe6 {[%clk 1:13:35]} 11. Ng5 {[%clk 1:20:28]} Qc8
{[%clk 1:10:09]} 12. Nxe6 {[%clk 1:14:52]} Re8 {[%clk 1:08:33]} 13. f4 {[%clk
1:11:28]} Nf8 {[%clk 1:05:00]} 14. Nxf8 {[%clk 1:11:05]} Bxf8 {[%clk 1:05:05]}
15. Qc2 {[%clk 1:09:41]} Bc6 {[%clk 0:56:12]} 16. e4 {[%clk 1:07:50]} Qb7 {[%clk
0:54:26]} 17. Nd5 {[%clk 1:07:42]} Nd7 {[%clk 0:54:04]} 18. e5 {[%clk 1:06:12]}
dxe5 {[%clk 0:43:04]} 19. Bxh7+ {[%clk 1:06:26]} Kh8 {[%clk 0:43:22]} 20. Bg6
{[%clk 1:06:08]} Bxd5 {[%clk 0:36:46]} 21. cxd5 {[%clk 1:05:31]} Nf6 {[%clk
0:28:12]} 22. Bxe8 {[%clk 1:00:32]} Rxe8 {[%clk 0:25:04]} 23. fxe5 {[%clk
1:00:42]} Rxe5 {[%clk 0:25:11]} 24. Bf4 {[%clk 1:01:03]} Rxd5 {[%clk 0:22:47]}
25. Rad1 {[%clk 1:01:19]} Rd7 {[%clk 0:16:37]} 26. Be5 {[%clk 0:59:36]} Be7
{[%clk 0:16:23]} 27. Qg6 {[%clk 0:59:10]} Rxd1 {[%clk 0:14:34]} 28. Rxd1 {[%clk
0:59:37]} Qe4 {[%clk 0:14:24]} 29. Qxe4 {[%clk 0:59:10]} Nxe4 {[%clk 0:14:47]}
30. Rd7 {[%clk 0:59:34]} Bf6 {[%clk 0:14:18]} 31. Bxf6 {[%clk 0:59:50]} Nxf6
{[%clk 0:14:22]} 32. Rxa7 {[%clk 1:00:15]} Nd5 {[%clk 0:14:40]} 33. Rd7 {[%clk
1:00:04]} Nf4 {[%clk 0:14:12]} 34. Kf2 {[%clk 0:59:43]} c4 {[%clk 0:14:17]} 35.
Rd4 {[%clk 1:00:01]} Nd3+ {[%clk 0:13:58]} 36. Rxd3 {[%clk 1:00:19]} cxd3 {[%clk
0:13:54]} 37. a4 {[%clk 1:00:16]} Kg8 {[%clk 0:13:56]} 38. b4 {[%clk 1:00:40]}
Kf7 {[%clk 0:14:19]} 39. a5 {[%clk 1:01:04]} bxa5 {[%clk 0:13:51]} 40. bxa5
{[%clk 1:31:27]} d2 {[%clk 0:44:07]} 41. Ke2 {[%clk 1:31:51]} Ke7 {[%clk
0:44:35]} 42. a6 {[%clk 1:32:15]} d1Q+ {[%clk 0:44:35]} 43. Kxd1 {[%clk 1:32:32]}
Kd7 {[%clk 0:44:47]} 44. a7 {[%clk 1:32:32]} 1-0